[Event "IMSA Basque w 2016"]
[Site "Huai'an CHN"]
[Date "2016.03.03"]
[Round "4.12"]
[White "Ju, Wenjun"]
[Black "Lagno, Kateryna"]
[Result "0-1"]
[WhiteTitle "GM"]
[BlackTitle "GM"]
[WhiteElo "2558"]
[BlackElo "2529"]
[WhiteFideId "8603006"]
[BlackFideId "14109336"]
[EventDate "2016.03.02"]

1. b3 e5 2. Bb2 Nc6 3. e3 Nf6 4. Bb5 Bd6 5. Ne2 O-O 6. O-O a6 7. Bxc6 dxc6 8. d3
e4 9. Nbc3 exd3 10. cxd3 Ng4 11. h3 Nh2 12. Re1 Bxh3 13. gxh3 Nf3+ 14. Kg2 Qf6
15. Rh1 Nh4+ 16. Kf1 Qf3 17. Ng3 Qg2+ 18. Ke2 Bxg3 19. Ne4 Qf3+ 20. Kd2 Bd6 21.
Qxf3 Nxf3+ 22. Ke2 Nh4 23. Rag1 Ng6 24. h4 f6 25. f4 Be7 26. h5 Nh8 27. Rg2 Rae8
28. Rhg1 Rf7 29. f5 h6 30. Bc3 Kh7 31. Ba5 Bf8 32. Bc3 b6 33. Rg4 c5 34. a4 a5
35. Rg6 Rd7 36. R6g4 Nf7 37. Bxf6 Rxe4 38. Rxe4 gxf6 39. Re6 Be7 40. Re4 Ng5 41.
Rc4 Bd6 42. Rg2 Be5 43. Rc1 Re7 44. e4 Rd7 45. Ke3 0-1

[Event "IMSA Basque w 2016"]
[Site "Huai'an CHN"]
[Date "2016.03.03"]
[Round "4.13"]
[White "Khotenashvili, Bela"]
[Black "Ushenina, Anna"]
[Result "1-0"]
[WhiteTitle "GM"]
[BlackTitle "GM"]
[WhiteElo "2502"]
[BlackElo "2450"]
[WhiteFideId "13602640"]
[BlackFideId "14110911"]
[EventDate "2016.03.02"]

1. d4 d5 2. Nf3 c6 3. Bf4 Qb6 4. Qc1 Nf6 5. e3 Bf5 6. Nh4 Bd7 7. Bd3 e6 8. Nd2
c5 9. Nhf3 Nc6 10. c3 Rc8 11. Qb1 cxd4 12. exd4 Na5 13. O-O Bb5 14. Ne5 Be7 15.
a4 Bxd3 16. Qxd3 a6 17. b4 Nc6 18. a5 Qd8 19. b5 Nxe5 20. Bxe5 O-O 21. bxa6 bxa6
22. Qxa6 Rxc3 23. Qb7 Bd6 24. a6 Rc7 25. Qb6 Bxe5 26. dxe5 Nd7 27. Qd6 Ra7 28.
Rfb1 Qc8 29. Nf3 Nb8 30. Rb6 Rd8 31. Qa3 Nd7 32. Rd6 Nb8 33. Rc1 Rc7 34. Rxc7
Qxc7 35. Rxd8+ Qxd8 36. a7 Qb6 37. h3 h5 38. a8=Q Qb1+ 39. Kh2 Kh7 40. Qf8 Qf5
41. Qa4 g5 42. Nxg5+ Qxg5 43. Qxf7+ Kh6 44. Qf8+ Qg7 45. Qaf4+ Kh7 46. Qxg7+
Kxg7 47. Qf6+ Kh7 48. Qf7+ Kh6 49. Qf8+ Kg6 50. Qxb8 Kf5 51. Kg3 Ke4 52. Qb4+ d4
53. f3+ Kxe5 54. Qc4 Kf5 55. Qxd4 e5 56. Qe4+ Kf6 57. f4 exf4+ 58. Kxf4 h4 59.
Qe5+ Kg6 60. Qe6+ Kg7 61. Kg5 Kh7 62. Qe7+ Kh8 63. Kg6 1-0

[Event "IMSA Basque w 2016"]
[Site "Huai'an CHN"]
[Date "2016.03.03"]
[Round "4.14"]
[White "Ushenina, Anna"]
[Black "Khotenashvili, Bela"]
[Result "1-0"]
[WhiteTitle "GM"]
[BlackTitle "GM"]
[WhiteElo "2450"]
[BlackElo "2502"]
[WhiteFideId "14110911"]
[BlackFideId "13602640"]
[EventDate "2016.03.02"]

1. d4 g6 2. Nf3 Bg7 3. c4 c5 4. d5 d6 5. e4 e6 6. Be2 Ne7 7. O-O O-O 8. Nc3 h6
9. dxe6 Bxe6 10. Nb5 Nc8 11. Bf4 Bxb2 12. Rb1 Bg7 13. Nxd6 b6 14. Nb5 Qxd1 15.
Rfxd1 Na6 16. Rb3 g5 17. Bg3 Ne7 18. Bd6 Nc6 19. Bxf8 Kxf8 20. h3 Na5 21. Rbb1
Nxc4 22. Rbc1 Na5 23. Nc3 Nb4 24. a3 Na2 25. Nxa2 Bxa2 26. e5 Ke7 27. Rc3 Be6
28. Ba6 Rb8 29. g4 Nc6 30. Re1 Rd8 31. Bc4 Bxc4 32. Rxc4 Rd3 33. Re3 Rd1+ 34.
Kg2 Ke6 35. Rce4 b5 36. h4 gxh4 37. Nxh4 c4 38. Nf5 Bf8 39. f4 Ra1 40. Nd4+ Nxd4
41. Rxd4 Bxa3 42. f5+ Ke7 43. e6 Ra2+ 44. Kf3 Bc5 45. Rd7+ Ke8 46. Re5 Ra3+ 47.
Ke4 fxe6 48. fxe6 Re3+ 49. Kf4 Rxe5 50. Kxe5 a6 51. Rh7 c3 52. Rc7 Ba3 53. Kf6
Kd8 54. Rxc3 Bb4 55. Rc6 a5 56. Rb6 a4 57. Rxb5 Be7+ 58. Kf7 a3 59. Ra5 Bb4 60.
Ra8+ Kc7 61. e7 1-0

[Event "IMSA Basque w 2016"]
[Site "Huai'an CHN"]
[Date "2016.03.03"]
[Round "4.15"]
[White "Socko, Monika"]
[Black "Paehtz, Elisabeth"]
[Result "0-1"]
[WhiteTitle "GM"]
[BlackTitle "IM"]
[WhiteElo "2448"]
[BlackElo "2472"]
[WhiteFideId "1106619"]
[BlackFideId "4641833"]
[EventDate "2016.03.02"]

1. e4 c5 2. Nf3 Nf6 3. Nc3 d6 4. Bb5+ Nbd7 5. O-O a6 6. Bxd7+ Qxd7 7. d4 cxd4 8.
Qxd4 e5 9. Qd3 h6 10. Be3 Be7 11. Rad1 O-O 12. h3 Qc6 13. Nd5 Nxd5 14. exd5 Qd7
15. Nd2 b5 16. c4 Qf5 17. Ne4 bxc4 18. Qxc4 Qg6 19. Kh2 f5 20. Qc7 Re8 21. Nd2
f4 22. Bb6 Bf5 23. Qc3 Rab8 24. Nc4 Rec8 25. Ba5 Rb5 26. b3 Bh4 27. a4 Rbb8 28.
Bb4 Be7 29. Qd2 Bf8 30. Rc1 f3 31. Rg1 fxg2 32. Rxg2 Qh5 33. Rg3 Rd8 34. Rcg1
Rb7 35. Na5 Rf7 36. Nc6 Re8 37. Bc3 Bd7 38. b4 Rf4 39. Qe3 Qf7 40. R1g2 Qxd5 41.
Qb6 Qxc6 42. Qe3 Qe4 43. Qa7 Rf7 44. Qxa6 Ra8 45. Qf1 Bxa4 46. Bd2 Rf6 47. Qg1
Qb7 48. Rg6 Rxg6 49. Rxg6 Be8 50. Rxh6 Qf7 51. Rh4 Be7 52. Rg4 Bf6 53. Be3 Rb8
54. Qd1 d5 55. Bc5 Bd7 56. Rg3 e4 57. Kh1 Be5 58. Rg5 Re8 59. Kg2 Bc6 60. Qe2 d4
61. Qg4 e3+ 62. f3 e2 63. Kf2 e1=Q+ 64. Kxe1 Bf4+ 65. Kf2 Bxg5 66. Qxg5 Qxf3+ 0-1

[Event "IMSA Basque w 2016"]
[Site "Huai'an CHN"]
[Date "2016.03.03"]
[Round "4.16"]
[White "Paehtz, Elisabeth"]
[Black "Socko, Monika"]
[Result "1/2-1/2"]
[WhiteTitle "IM"]
[BlackTitle "GM"]
[WhiteElo "2472"]
[BlackElo "2448"]
[WhiteFideId "4641833"]
[BlackFideId "1106619"]
[EventDate "2016.03.02"]

1. d4 Nf6 2. c4 g6 3. Nf3 Bg7 4. g3 d6 5. Bg2 O-O 6. O-O Nc6 7. Nc3 Bg4 8. Be3
Qd7 9. Re1 a6 10. d5 Bxf3 11. exf3 Na5 12. Qd3 c5 13. Bd2 b5 14. b3 Rfb8 15.
Rab1 Rb7 16. Bf1 Rab8 17. Qc2 Qd8 18. f4 Nd7 19. Ne4 Bd4 20. cxb5 axb5 21. Bc3
Bxc3 22. Qxc3 Ra7 23. Qd2 c4 24. b4 Nb7 25. Nc3 Rba8 26. Ra1 Nb6 27. Nxb5 Ra4
28. Bh3 c3 29. Nxc3 Rxb4 30. Rab1 Nc4 31. Qe2 Rxb1 32. Rxb1 Nba5 33. Re1 Ra7 34.
Nb5 Rb7 35. Nd4 Qb6 36. Nc6 Nxc6 37. Qxc4 Nd4 38. Qc8+ Kg7 39. Qc3 f6 40. Bg2
Rc7 41. Qe3 Qb4 42. Rd1 Nb5 43. Qb6 Qc5 44. Qa5 Nc3 45. Qxc5 Rxc5 46. Rd2 Ra5
47. Rc2 Nxd5 48. Bxd5 Rxd5 49. a4 Ra5 50. Ra2 e5 51. Kg2 Kf7 52. Kf3 Ke6 53. Ke3
d5 54. fxe5 fxe5 55. f4 Kf5 56. g4+ Ke6 57. h3 h5 58. Ra3 Kd6 59. fxe5+ Kxe5 60.
gxh5 gxh5 61. Kd3 h4 62. Ra1 d4 63. Kc4 Ke4 64. Re1+ Kf3 65. Ra1 Ke3 66. Ra3+
Ke4 67. Ra1 d3 68. Re1+ Kf3 69. Kxd3 Rxa4 70. Rg1 Kf2 71. Rg8 Ra3+ 72. Kd2 Rxh3
73. Rg4 Kf3 74. Rg8 Rg3 75. Rf8+ Kg2 76. Ke2 h3 77. Rf2+ Kh1 78. Rf8 Ra3 79. Rg8
Ra7 80. Rg3 Kh2 81. Rg8 Rf7 82. Ke3 Kh1 83. Ke2 h2 84. Rg6 Ra7 85. Rg8 Ra1 86.
Kf2 Rg1 87. Rc8 Rg2+ 88. Kf1 Rg6 89. Rf8 Rg7 90. Rf6 Ra7 91. Rg6 Ra8 92. Rg7
Rf8+ 93. Ke2 Rf6 94. Rg8 Rf7 95. Rg6 Ra7 96. Kf1 Ra1+ 97. Kf2 Rg1 98. Re6 Rg2+
99. Kf1 Rg8 100. Rf6 Ra8 101. Rg6 Rf8+ 102. Ke2 Rf5 1/2-1/2

[Event "IMSA Basque w 2016"]
[Site "Huai'an CHN"]
[Date "2016.03.03"]
[Round "5.1"]
[White "Kosteniuk, Alexandra"]
[Black "Zhao, Xue"]
[Result "1-0"]
[WhiteTitle "GM"]
[BlackTitle "GM"]
[WhiteElo "2554"]
[BlackElo "2506"]
[WhiteFideId "4128125"]
[BlackFideId "8601283"]
[EventDate "2016.03.02"]

1. e4 e5 2. Nf3 Nc6 3. Bb5 a6 4. Ba4 Nge7 5. c3 g6 6. d4 exd4 7. cxd4 Bg7 8. O-O
O-O 9. d5 b5 10. Bc2 Nb4 11. Bb3 a5 12. a3 Na6 13. d6 Nc6 14. Nc3 cxd6 15. Qxd6
Qe7 16. Nxb5 Nc5 17. Qxe7 Nxe7 18. Bc4 Nxe4 19. Re1 Bb7 20. Ng5 d5 21. Bd3 Nf5
22. Nxe4 dxe4 23. Bxe4 Rae8 24. f3 Bc6 25. a4 Nd4 26. Be3 Nb3 27. Ra3 Bxb5 28.
axb5 Nd4 29. Rxa5 Rb8 30. Bd3 Rfd8 31. Bf4 Rb7 32. Bc4 h6 33. h4 Nf5 34. Ra6 Rd4
35. Re4 Rd1+ 36. Kf2 Nxh4 37. Bxh6 Bxh6 38. Rxh4 Rd2+ 39. Kg3 Kg7 40. b3 Be3 41.
Re4 Bf2+ 42. Kh3 Rd8 43. g3 Bc5 44. Rc6 Ba3 45. Re2 Bb4 46. Kg2 Ba5 47. f4 Bb6
48. Kf3 Rdd7 49. g4 Bd8 50. f5 gxf5 51. gxf5 Rb6 52. f6+ Kg6 53. Rg2+ Kf5 54.
Rg8 Rbb7 55. Rg4 Bc7 56. Rh4 Kg5 57. Rh7 Bd6 58. Rxf7 Rxf7 59. Bxf7 Be5 60. Bd5
Rxb5 61. f7 Bg7 62. Bc4 Rb8 63. Ke4 Bf8 64. Re6 Rd8 65. Re8 Bg7 1-0

[Event "IMSA Basque w 2016"]
[Site "Huai'an CHN"]
[Date "2016.03.03"]
[Round "5.2"]
[White "Zhao, Xue"]
[Black "Kosteniuk, Alexandra"]
[Result "1/2-1/2"]
[WhiteTitle "GM"]
[BlackTitle "GM"]
[WhiteElo "2506"]
[BlackElo "2554"]
[WhiteFideId "8601283"]
[BlackFideId "4128125"]
[EventDate "2016.03.02"]

1. b3 e5 2. Bb2 Nc6 3. e3 d5 4. Bb5 Bd6 5. Nf3 f6 6. c4 Ne7 7. Nc3 a6 8. Ba4 O-O
9. O-O Nb4 10. d4 e4 11. Ne1 Be6 12. a3 Nbc6 13. Bxc6 bxc6 14. c5 Bxh2+ 15. Kxh2
f5 16. f4 Kh8 17. Rh1 Ng8 18. Kg1 Nf6 19. Qe2 Ng4 20. Nd1 g5 21. Nf2 gxf4 22.
exf4 Rg8 23. Nc2 Rb8 24. b4 Rg6 25. Nxg4 Rxg4 26. Qf2 Qg8 27. Rh3 Rf8 28. Ne3
Rg6 29. Bc3 Rf7 30. Be1 Rfg7 31. Qe2 Bc8 32. Bh4 Qf7 33. Qf2 Qe6 34. Bg5 Kg8 35.
Kh2 h6 36. Bh4 Kf7 37. Rh1 Bd7 38. Kg1 Be8 39. Qe2 Qc8 40. Be1 Rh7 41. Rh5 Bd7
42. R1h3 Kf6 43. Qf2 Qf8 44. Qh4+ Kg7 45. Rg3 Rxg3 46. Qxg3+ Kh8 47. Qh3 Qg7 48.
Qh4 Be8 49. Qd8 Qd7 50. Qf6+ Qg7 51. Qxg7+ Kxg7 52. Rxf5 Bd7 53. Re5 Kf7 54. Bh4
Kf8 55. Be7+ Rxe7 56. Rh5 Kg7 57. Kf2 Rf7 58. Kg3 Rf6 59. Re5 Rf8 60. Kf2 Kf6
61. g4 Rb8 62. g5+ 1/2-1/2

[Event "IMSA Basque w 2016"]
[Site "Huai'an CHN"]
[Date "2016.03.03"]
[Round "5.3"]
[White "Mkrtchian, Lilit"]
[Black "Dzagnidze, Nana"]
[Result "0-1"]
[WhiteTitle "IM"]
[BlackTitle "GM"]
[WhiteElo "2434"]
[BlackElo "2529"]
[WhiteFideId "13300601"]
[BlackFideId "13601903"]
[EventDate "2016.03.02"]

1. c4 Nf6 2. Nc3 e5 3. Nf3 Nc6 4. g3 Bc5 5. Bg2 d6 6. d3 O-O 7. O-O a6 8. a3 h6
9. b4 Bb6 10. Bb2 Be6 11. h3 Re8 12. e3 e4 13. Nxe4 Nxe4 14. dxe4 Bxc4 15. Re1
Ne5 16. Nxe5 dxe5 17. Bf1 Bxf1 18. Rxf1 Qf6 19. Qg4 Rad8 20. Rfd1 Qe7 21. Rxd8
Rxd8 22. Rd1 c6 23. Rxd8+ Bxd8 24. Qc8 Qc7 25. Qf5 Bf6 26. h4 c5 27. bxc5 Qxc5
28. Qd7 Qc6 29. Qxc6 bxc6 30. Kf1 Kf8 31. Ke2 Ke7 32. Kd3 Ke6 33. Kc4 Be7 34. a4
h5 35. Bc1 f6 36. Bb2 g5 37. Bc3 gxh4 38. gxh4 f5 39. exf5+ Kxf5 40. f4 exf4 41.
exf4 Bxh4 42. Bb4 Bf2 43. Be7 Kxf4 44. Kb4 h4 45. Bxh4 Bxh4 46. Kc5 a5 47. Kxc6
Ke5 0-1

[Event "IMSA Basque w 2016"]
[Site "Huai'an CHN"]
[Date "2016.03.03"]
[Round "5.4"]
[White "Dzagnidze, Nana"]
[Black "Mkrtchian, Lilit"]
[Result "1/2-1/2"]
[WhiteTitle "GM"]
[BlackTitle "IM"]
[WhiteElo "2529"]
[BlackElo "2434"]
[WhiteFideId "13601903"]
[BlackFideId "13300601"]
[EventDate "2016.03.02"]

1. d4 e6 2. Nf3 Nf6 3. c4 b6 4. g3 Ba6 5. b3 Bb4+ 6. Bd2 Be7 7. Nc3 d5 8. Ne5
Bb7 9. Bg2 O-O 10. O-O Na6 11. Bf4 h6 12. Rc1 Re8 13. cxd5 exd5 14. Nb5 c5 15.
a4 Bf8 16. Qd2 Qe7 17. h4 Qe6 18. Rfd1 Red8 19. Qb2 Qe7 20. Nd3 Ne4 21. Be5 Bc6
22. dxc5 bxc5 23. Bxe4 dxe4 24. Nf4 Rxd1+ 25. Rxd1 Rd8 26. Rxd8 Qxd8 27. Nxa7
Qd1+ 28. Kh2 e3 29. f3 Bb7 30. Ng2 Qf1 31. Nxe3 Qf2+ 32. Ng2 c4 33. Bd4 c3 34.
Qxc3 Qxe2 35. Nc6 Nc7 36. Ne5 Nd5 37. Qd3 Qa2 38. Nd7 Bd6 39. Be5 Bb4 40. Bd4
Bd6 41. Nc5 Bc6 42. Ne4 Bf8 43. Bc5 f5 44. Bxf8 fxe4 45. fxe4 Nf6 46. Qc4+ Kxf8
47. Qxc6 Ng4+ 48. Kh3 Nf2+ 49. Kh2 Ng4+ 50. Kh3 Nf2+ 51. Kh2 Ng4+ 1/2-1/2

[Event "IMSA Basque w 2016"]
[Site "Huai'an CHN"]
[Date "2016.03.03"]
[Round "5.5"]
[White "Tan, Zhongyi"]
[Black "Gunina, Valentina"]
[Result "0-1"]
[WhiteTitle "WGM"]
[BlackTitle "GM"]
[WhiteElo "2504"]
[BlackElo "2496"]
[WhiteFideId "8603642"]
[BlackFideId "4167570"]
[EventDate "2016.03.02"]

1. Nf3 d5 2. g3 c6 3. c4 Nf6 4. Bg2 Bg4 5. Ne5 dxc4 6. Nxg4 Nxg4 7. Na3 e6 8.
Nxc4 Qd4 9. Ne3 Nxe3 10. fxe3 Qb6 11. O-O Nd7 12. b3 h5 13. Qe1 h4 14. gxh4 Be7
15. Qg3 Bf6 16. Rb1 Be5 17. Qf2 Nf6 18. Bf3 O-O-O 19. d4 Bd6 20. e4 e5 21. dxe5
Qxf2+ 22. Kxf2 Bxe5 23. Bg5 Kc7 24. Rbd1 Rde8 25. Kg2 Nh7 26. Be3 Nf8 27. h5 g6
28. h6 f6 29. h4 Bd6 30. Bxa7 Rxh6 31. Bb6+ Kxb6 32. Rxd6 Ne6 33. Kg3 g5 34.
hxg5 Nxg5 35. Rh1 Rxh1 36. Bxh1 Rxe4 37. Rd2 Re5 38. Rc2 Ne6 39. Bf3 Nd4 40. Rd2
Kc5 41. Kf2 Rf5 42. Ke3 Re5+ 43. Kf2 Re8 44. e3 Nb5 45. Rc2+ Kb4 46. Be2 Nc3 47.
Bf3 Ra8 48. Kg3 Nxa2 49. Rf2 Nc3 50. Bg2 Rg8+ 51. Kh3 Rg6 52. Rd2 f5 53. Rd7 b6
54. Rf7 Re6 55. Kh2 c5 56. Rxf5 Rxe3 57. Rf6 b5 58. Rf5 Ne2 59. Bd5 Nd4 60. Rh5
Nxb3 61. Bc6 Nd4 62. Bd7 c4 63. Rd5 Rd3 64. Kg2 Rd2+ 65. Kf1 c3 66. Bxb5 c2 0-1

[Event "IMSA Basque w 2016"]
[Site "Huai'an CHN"]
[Date "2016.03.03"]
[Round "5.6"]
[White "Gunina, Valentina"]
[Black "Tan, Zhongyi"]
[Result "1/2-1/2"]
[WhiteTitle "GM"]
[BlackTitle "WGM"]
[WhiteElo "2496"]
[BlackElo "2504"]
[WhiteFideId "4167570"]
[BlackFideId "8603642"]
[EventDate "2016.03.02"]

1. d4 Nf6 2. c4 e6 3. Nf3 b6 4. g3 Bb7 5. Bg2 Bb4+ 6. Bd2 Bxd2+ 7. Qxd2 O-O 8.
O-O d6 9. Nc3 Ne4 10. Nxe4 Bxe4 11. Qf4 f5 12. Qe3 Qf6 13. Ng5 Bxg2 14. Kxg2 Re8
15. d5 Na6 16. Qd2 Nc5 17. b4 Ne4 18. Nxe4 fxe4 19. Rac1 a5 20. a3 axb4 21. axb4
Ra4 22. c5 bxc5 23. bxc5 Rd4 24. Qa5 exd5 25. Qxc7 dxc5 26. Rxc5 Rd2 27. Qd7 Qe7
28. Qb5 e3 29. Rc7 Qe5 30. fxe3 Qxe3 31. Rf2 Qe4+ 32. Kh3 Qe6+ 33. g4 h5 34. Qd7
hxg4+ 35. Kg3 Qe5+ 36. Kh4 Rd4 37. Qf7+ Kh7 38. Qf5+ Qxf5 39. Rxf5 Re6 40. Rh5+
Rh6 41. Rxh6+ Kxh6 42. Rc6+ g6 43. Re6 Rc4 44. Re5 d4 45. Re4 Rc2 46. Kxg4 Rd2
47. Kg3 d3 48. exd3 Rxd3+ 49. Kg4 Rd2 50. h3 Rg2+ 51. Kf3 Rh2 52. Kg3 Rh1 53.
Rh4+ Kg7 54. Ra4 Rg1+ 55. Kh2 Rb1 56. Kg3 Rb3+ 57. Kg4 Kh6 58. h4 Rb1 59. Ra6
Rg1+ 60. Kh3 Kh5 61. Ra5+ Kh6 62. Kh2 Rg4 63. Kh3 Re4 64. Kg3 Rd4 65. Kh3 Rc4
66. Kg3 Rc3+ 67. Kg4 Rc4+ 68. Kg3 Rc3+ 69. Kg4 Rc4+ 70. Kg3 Rc3+ 71. Kg4 Rc4+ 1/2-1/2

[Event "IMSA Basque w 2016"]
[Site "Huai'an CHN"]
[Date "2016.03.03"]
[Round "5.7"]
[White "Harika, Dronavalli"]
[Black "Lagno, Kateryna"]
[Result "1/2-1/2"]
[WhiteTitle "GM"]
[BlackTitle "GM"]
[WhiteElo "2511"]
[BlackElo "2529"]
[WhiteFideId "5015197"]
[BlackFideId "14109336"]
[EventDate "2016.03.02"]

1. Nf3 g6 2. d4 Nf6 3. c4 Bg7 4. g3 c5 5. Nc3 cxd4 6. Nxd4 O-O 7. Bg2 Qc7 8. O-O
Qxc4 9. Nb3 Nc6 10. Bf4 d6 11. Rc1 Qa6 12. e4 Bg4 13. Qd2 Nb4 14. Be3 Nd3 15.
Rc2 Ne5 16. Bh6 Bf3 17. Bxg7 Kxg7 18. Nd4 Bxg2 19. Kxg2 Rac8 20. b3 Qd3 21. Rd1
Qxd2 22. Rdxd2 Rxc3 23. Rxc3 Nxe4 24. Rdc2 Nxc3 25. Rxc3 Nc6 26. Nxc6 Rc8 27.
Re3 Rxc6 28. Rxe7 Rb6 29. Kf3 Kf6 30. Rc7 Ke6 31. Ke3 Ra6 32. Rxb7 Rxa2 33. h4
h5 34. Kf3 a5 35. Rb5 Ra3 36. Ke4 Ra1 37. Ke3 d5 38. Kf4 Ra2 39. Rb6+ Kd7 40.
Ke3 Ke7 41. Rb7+ Ke6 42. f3 f6 43. Rb6+ Ke5 44. Rb5 Ra3 45. f4+ Ke6 46. Kf2 Ra1
47. Kf3 Ra3 48. Kf2 a4 49. bxa4 Rxa4 50. Rb6+ Kf5 51. Rd6 Ra2+ 52. Kf3 Ra3+ 53.
Kf2 Rd3 54. Ra6 d4 55. Rd6 Ke4 56. Re6+ Kf5 57. Rd6 Rd1 58. Ke2 Rg1 59. Kf2 Rd1
60. Ke2 Ra1 61. Rxd4 Kg4 62. f5+ Kxf5 63. Kf3 Ra3+ 64. Kg2 Ke5 65. Rb4 Rc3 66.
Ra4 Rb3 67. Ra5+ Ke4 68. Ra4+ Ke3 69. Ra6 Rb2+ 70. Kh3 Rf2 71. Re6+ Kd4 72. Ra6
Ke4 73. Ra4+ Ke3 74. Ra3+ Kd4 75. Ra4+ Kd5 76. Ra5+ Ke6 77. Ra6+ Kf7 78. Ra7+
Kf8 79. Ra8+ Kg7 80. Ra7+ Kh6 81. Ra6 f5 82. Ra4 Re2 83. Ra7 Rf2 84. Rf7 Ra2 85.
Rb7 Ra6 86. Rf7 Ra8 87. Kg2 Ra3 88. Kf2 Rb3 89. Kg2 1/2-1/2

[Event "IMSA Basque w 2016"]
[Site "Huai'an CHN"]
[Date "2016.03.03"]
[Round "5.8"]
[White "Lagno, Kateryna"]
[Black "Harika, Dronavalli"]
[Result "1/2-1/2"]
[WhiteTitle "GM"]
[BlackTitle "GM"]
[WhiteElo "2529"]
[BlackElo "2511"]
[WhiteFideId "14109336"]
[BlackFideId "5015197"]
[EventDate "2016.03.02"]

1. e4 c5 2. Nf3 Nc6 3. d4 cxd4 4. Nxd4 e5 5. Nb5 d6 6. N1c3 a6 7. Na3 Be7 8. Nd5
Be6 9. Nc4 Bxd5 10. exd5 Nb8 11. Ne3 g6 12. Bd3 Nd7 13. c4 Bf6 14. O-O Ne7 15.
Ng4 Bg7 16. f4 e4 17. Be2 f5 18. Ne3 O-O 19. Rb1 b5 20. Kh1 Nc5 21. b3 Qb6 22.
Nc2 bxc4 23. Bxc4 Nc8 24. Be3 Qc7 25. Nd4 Nb6 26. Be2 Kh8 27. Nc6 Rac8 28. b4
Nca4 29. Bxb6 Nxb6 30. Bxa6 Nxd5 31. Bxc8 Nc3 32. Qb3 Qxc6 33. Be6 d5 34. Rbc1
d4 35. a4 d3 36. b5 Qc5 37. Bc4 Qd4 38. b6 d2 39. Rb1 Nxb1 40. Rxb1 Qf2 41. b7
Rb8 42. a5 Bd4 43. a6 Qe1+ 44. Bf1 Qf2 45. Bc4 Kg7 46. Qa4 Kh6 47. h3 Qxf4 48.
a7 Be5 49. Kg1 Bd4+ 50. Kh1 Be5 51. Kg1 Qh2+ 52. Kf1 Qh1+ 53. Ke2 Qxb1 54. Qd1
Qxb7 55. Qxd2+ f4 56. axb8=Q Qxb8 57. Qc2 Qb7 58. Qb3 Qa7 59. Bd5 Qd4 60. Bb7
Bd6 61. Qc2 Qe3+ 62. Kf1 f3 63. Bxe4 fxg2+ 64. Bxg2 Bc5 65. Be4 Qxh3+ 66. Qg2
Qxg2+ 67. Kxg2 Kg5 68. Kh3 Bd6 69. Bc2 Be5 70. Bd3 h5 71. Bxg6 Kxg6 72. Kg2 1/2-1/2

[Event "IMSA Basque w 2016"]
[Site "Huai'an CHN"]
[Date "2016.03.03"]
[Round "5.9"]
[White "Krush, Irina"]
[Black "Huang, Qian"]
[Result "0-1"]
[WhiteTitle "GM"]
[BlackTitle "WGM"]
[WhiteElo "2458"]
[BlackElo "2450"]
[WhiteFideId "2012782"]
[BlackFideId "8602689"]
[EventDate "2016.03.02"]

1. d4 c5 2. d5 e5 3. Nc3 d6 4. e4 Be7 5. Nf3 Nf6 6. Bb5+ Nbd7 7. a4 O-O 8. O-O
Ne8 9. Bd3 g6 10. Nd2 Ng7 11. Nc4 Nf6 12. a5 Nfh5 13. Rb1 Nf4 14. b4 cxb4 15.
Rxb4 Ne8 16. Be3 Nc7 17. Qd2 f5 18. f3 fxe4 19. fxe4 Nxd3 20. Rxf8+ Qxf8 21.
cxd3 Qf6 22. Rb1 Qh4 23. d4 exd4 24. Bxd4 Ne8 25. Qd3 Nf6 26. g3 Qh5 27. Rb2 Ng4
28. Qe2 Qg5 29. Rb1 Bf6 30. Bxf6 Qxf6 31. Nb5 Bd7 32. Nbxd6 Qd4+ 33. Kg2 b5 34.
axb6 axb6 35. h3 b5 36. Rd1 Qc3 37. hxg4 bxc4 38. e5 Rb8 39. e6 Rb2 40. Re1
Rxe2+ 41. Rxe2 Qd3 42. Kf1 Ba4 43. e7 Qf3+ 44. Rf2 Qd1+ 45. Kg2 Qxd5+ 46. Kg1
Qxd6 47. Rf8+ Kg7 48. e8=Q Bxe8 49. Rxe8 c3 50. Re2 c2 51. Rxc2 Qd1+ 0-1

[Event "IMSA Basque w 2016"]
[Site "Huai'an CHN"]
[Date "2016.03.03"]
[Round "5.10"]
[White "Huang, Qian"]
[Black "Krush, Irina"]
[Result "1/2-1/2"]
[WhiteTitle "WGM"]
[BlackTitle "GM"]
[WhiteElo "2450"]
[BlackElo "2458"]
[WhiteFideId "8602689"]
[BlackFideId "2012782"]
[EventDate "2016.03.02"]

1. c4 e5 2. g3 Nc6 3. Bg2 g6 4. e3 Bg7 5. Ne2 Nf6 6. Nbc3 d6 7. d4 exd4 8. Nxd4
Nxd4 9. Qxd4 O-O 10. O-O Ng4 11. Qd2 Ne5 12. b3 Qf6 13. Bb2 Nf3+ 14. Bxf3 Qxf3
15. Qd5 Bg4 16. Rab1 c6 17. Qxf3 Bxf3 18. Nd1 h5 19. h4 a5 20. Bxg7 Kxg7 21. Nc3
Kf6 22. Rb2 Rg8 23. Nb1 c5 24. Nd2 Bc6 25. f3 d5 26. cxd5 Bxd5 27. Kf2 a4 28. e4
Be6 29. Rc1 a3 30. Rbc2 b6 31. Rc3 Rgd8 32. Ke2 Rd4 33. Rd3 Rb4 34. Ke3 Rc8 35.
Nb1 Ra8 36. Nc3 c4 37. bxc4 Rxc4 38. Rb1 Rc6 39. Rb4 Rac8 40. Ne2 Bxa2 41. Rxa3
Be6 42. Ra6 Rb8 43. Nd4 Rc3+ 44. Kf4 Rc4 45. Rxc4 Bxc4 46. Ra7 Kg7 47. Nc6 Rc8
48. Ne5 Be6 49. Rb7 Rc1 50. Rxb6 Rf1 51. Rb7 Rf2 52. Ke3 Rf1 53. Nd3 Rg1 54. Kf2
Ra1 55. Nc5 Bc4 56. Rb4 Ra2+ 57. Ke3 Ra3+ 58. Kf4 Be2 59. Rb3 Ra1 60. Rc3 Rf1
61. Nb3 Rd1 62. Ke3 Ba6 63. Nd4 Re1+ 64. Kf4 Rd1 65. Nc2 Be2 66. Ne3 Ra1 67. Rc2
Bb5 68. Rb2 Bd3 69. Nd5 Rf1 70. Ke3 Ba6 71. Rc2 Re1+ 72. Kf4 Rf1 73. Ne3 Ra1 74.
Rd2 Bb5 75. Nd5 Rf1 76. Nc7 Bc4 77. Ne8+ Kf8 78. Nd6 Be6 79. Nb5 Kg7 80. Rc2 Bb3
81. Rc3 Ba4 82. Nd4 Rd1 83. Rc4 Bd7 84. Rb4 Rd3 85. Nc2 Rc3 86. Ne3 Be6 87. Rb7
Rd3 88. Rc7 Kf8 89. Rc5 Kg7 90. Nd5 Ra3 91. Rc3 Ra5 92. Nc7 Bd7 93. Rd3 Bc6 94.
Rd6 Rc5 95. Na6 Rc3 96. Nb4 Bb5 97. Nd5 Ra3 98. Ne3 Be2 99. Rd2 Bb5 100. Nd5 Bc4
101. Rc2 Bb5 102. Rc3 Ra1 103. Nc7 Bd7 104. Rd3 Bc6 105. Nd5 Bb5 106. Rb3 Bc4
107. Rc3 Bb5 108. Ke5 Rg1 109. f4 Re1 110. Nf6 Rg1 111. Nd5 Re1 112. Ne3 Bd7
113. f5 gxf5 114. Nxf5+ Bxf5 115. Kxf5 Rf1+ 116. Kg5 Re1 117. Kf4 Kg6 118. Rc5
f6 119. Rc8 Rf1+ 120. Ke3 Re1+ 121. Kf3 Rf1+ 122. Ke2 Ra1 123. Rc6 Kg7 124. Rb6
Ra3 125. Kf2 Rc3 126. Rb5 Kg6 127. e5 fxe5 128. Rxe5 Ra3 129. Rd5 Rb3 130. Rd6+
Kg7 131. Re6 Ra3 132. Re3 Ra1 133. Kf3 Rf1+ 134. Ke4 Kg6 135. Rf3 Rxf3 136. Kxf3
Kf5 137. Kf2 Ke5 138. Ke3 Kf5 139. Kf3 Ke5 140. g4 1/2-1/2

[Event "IMSA Basque w 2016"]
[Site "Huai'an CHN"]
[Date "2016.03.03"]
[Round "5.11"]
[White "Paehtz, Elisabeth"]
[Black "Stefanova, Antoaneta"]
[Result "0-1"]
[WhiteTitle "IM"]
[BlackTitle "GM"]
[WhiteElo "2472"]
[BlackElo "2509"]
[WhiteFideId "4641833"]
[BlackFideId "2902257"]
[EventDate "2016.03.02"]

1. e4 g6 2. d4 Bg7 3. Nc3 c6 4. f4 d5 5. e5 Nh6 6. Nf3 Bg4 7. Be3 Qb6 8. Rb1 f6
9. Bf2 Bxf3 10. Qxf3 fxe5 11. dxe5 d4 12. Ne4 O-O 13. Bc4+ Kh8 14. Qd3 c5 15. g3
Nc6 16. O-O Ng4 17. a3 Rad8 18. Ng5 Ncxe5 19. fxe5 Nxe5 20. Qe2 Qc6 21. Ba2 Rf5
22. Ne4 Nf3+ 23. Kg2 Ng5 24. Rbe1 Re5 25. Qg4 Nxe4 26. Kg1 Rf8 27. Re2 h5 28.
Qh3 Ng5 0-1

[Event "IMSA Basque w 2016"]
[Site "Huai'an CHN"]
[Date "2016.03.03"]
[Round "5.12"]
[White "Stefanova, Antoaneta"]
[Black "Paehtz, Elisabeth"]
[Result "1-0"]
[WhiteTitle "GM"]
[BlackTitle "IM"]
[WhiteElo "2509"]
[BlackElo "2472"]
[WhiteFideId "2902257"]
[BlackFideId "4641833"]
[EventDate "2016.03.02"]

1. Nf3 Nf6 2. g3 g6 3. b3 Bg7 4. Bb2 O-O 5. c4 c6 6. Bg2 d5 7. O-O Na6 8. d3 Nc5
9. b4 Ne6 10. Nbd2 a5 11. a3 axb4 12. axb4 Rxa1 13. Qxa1 Qb6 14. Bc3 Ne8 15.
Bxg7 N6xg7 16. Qc3 e6 17. e4 Nc7 18. c5 Qa7 19. Ra1 Na6 20. Ne5 f6 21. Ng4 Ne8
22. Ne3 Nec7 23. h4 Nb5 24. Qb2 Qb8 25. Nf3 Qc7 26. Re1 Qg7 27. Nc2 Nac7 28. e5
fxe5 29. Nxe5 Qf6 30. f4 Ne8 31. Nd4 Nxd4 32. Qxd4 Ng7 33. Bh3 Bd7 34. Ra1 h6
35. Qe3 Bc8 36. Ra8 Nh5 37. Ng4 Qe7 38. Nxh6+ Kh7 39. Ng4 Bd7 40. Rxf8 Qxf8 41.
Qe5 Qf5 42. Qc7 e5 43. Nf2 1-0